000 00821aam a2200301 i 4500
001 768714001
003 CO-MdFUSB
005 20250514114602.0
007 ta
008 250514t1931 -us |||| |||| 00| 0 eng d
040 _cCO-MdFUSB
041 0 _aeng
082 0 4 _223
_a248
_bL2691s
100 1 _aLong, Roswell C. (1893-)
_eautor
245 1 0 _aStewardship parables of Jesus
_c/ Roswell C. Long
264 1 _bAbingdon Cokesbury Press,
_aNew York, USA :
_c[1931]
264 4 _c©1931
300 _a228 páginas
336 _atexto
_btxt
_2rdacontent
337 _2rdamedia
_asin mediación
_bn
338 _2rdacarrier
_avolumen
_bnc
563 _aRústico
650 0 _aVida cristiana
_919
650 0 _aAdministración eclesiástica
_91118
942 _cBK
945 _aJTF-925
999 _c35555
_d35555